[Event "74.Camp. Veneto Quarti di Finale"]
[Site "Correzzola (PD)"]
[Date "2014.05.10"]
[Round "3.10"]
[White "De Marchi, Alessandro"]
[Black "Litrico, Paolo"]
[Result "0-1"]
[WhiteElo "1713"]
[BlackElo "1979"]
[Annotator "Gabriele Ballarin"]
[PlyCount "66"]
[EventDate "2014.05.09"]
[EventType "swiss"]
[EventRounds "5"]
[EventCountry "ITA"]

1. e4 e5 2. Nc3 Nc6 3. g3 Bc5 4. Bg2 Nf6 5. Nf3 O-O 6. O-O d5 7. exd5 Nxd5 8. d3 Nxc3 9. bxc3 Bg4 10. Qe1 Re8 11. Be3 Ba3 12. Rb1 Rb8 13. h3 Bh5 14. Nd2 Qd7 15. Nc4 Bf8 16. Rb5 Nd4 17. Rd5 Ne2+ 18. Kh2 Qf5 19. g4 Bxg4 20. hxg4 Qxg4 21. Bh3 Qf3 22. Rd7 Nf4 23. Bxf4 Qxf4+ 24. Kg2 Qg5+ 25. Kh1 b5 26. Na5 Bd6 27. Qe4 Re6 28. Nc6 Rbe8 29. Nxa7 f5 30. Qd5 e4 31. Nxb5 Bf4 32. dxe4 Qh4 33. Qxf5 c6 {Nur} 0-1

[Event "74.Camp. Veneto Quarti di Finale"]
[Site "Correzzola (PD)"]
[Date "2014.05.10"]
[Round "3.11"]
[White "Levin, Nikolai"]
[Black "Giuriato, Sergio"]
[Result "0-1"]
[WhiteElo "1464"]
[BlackElo "1946"]
[Annotator "Gabriele Ballarin"]
[PlyCount "66"]
[EventDate "2014.05.09"]
[EventType "swiss"]
[EventRounds "5"]
[EventCountry "ITA"]

1. d4 Nf6 2. c4 e6 3. Nf3 d5 4. Nc3 Nbd7 5. Bf4 c6 6. e3 Be7 7. cxd5 exd5 8. Bd3 O-O 9. h3 Re8 10. g4 Nf8 11. Ne5 Be6 12. h4 N6d7 13. g5 Nxe5 14. Bxe5 Bd6 15. f4 Bxe5 16. dxe5 Qd7 17. Qc2 g6 18. O-O-O Bf5 19. h5 Bxd3 20. Qxd3 Qf5 21. hxg6 fxg6 22. Nxd5 cxd5 23. Qxd5+ Qf7 24. e4 Rad8 25. Qxf7+ Kxf7 26. Rd5 Rc8+ 27. Kd2 Rc4 28. Rc1 Rxc1 29. Kxc1 Ne6 30. f5 $11 Nxg5 31. fxg6+ hxg6 32. Rd7+ Re7 33. e6+ Kxe6 0-1

[Event "74.Camp. Veneto Quarti di Finale"]
[Site "Correzzola (PD)"]
[Date "2014.05.10"]
[Round "3.12"]
[White "Minei, Giovanni"]
[Black "Marangoni, Simone"]
[Result "1-0"]
[WhiteElo "1546"]
[BlackElo "1898"]
[Annotator "Gabriele Ballarin"]
[PlyCount "85"]
[EventDate "2014.05.09"]
[EventType "swiss"]
[EventRounds "5"]
[EventCountry "ITA"]

1. d4 g6 2. Nf3 Bg7 3. e4 d6 4. Bd3 Nf6 5. O-O O-O 6. Bg5 h6 7. Be3 Nc6 8. c3 e5 9. Nbd2 Ng4 10. h3 Nxe3 11. fxe3 a6 12. a4 Bd7 13. Qc2 h5 14. h4 Bg4 15. Qb3 Rb8 16. Ng5 Bf6 17. Ndf3 Bxf3 18. Rxf3 Bxg5 19. hxg5 Qxg5 20. Raf1 Qe7 21. Rxf7 Rxf7 22. Rxf7 Qxf7 23. Bc4 Nd8 24. Bxf7+ Nxf7 25. Qe6 Kg7 26. Qd7 c5 27. Qc7 Re8 28. Qxb7 exd4 29. exd4 cxd4 30. cxd4 Kf6 31. Qc6 Re6 32. b4 Ng5 33. d5 Rxe4 34. Qxd6+ Kf5 35. Qd7+ Kf4 36. Qc7+ Kg4 37. d6 Ne6 38. Qc6 Rxb4 39. Qf3+ Kg5 40. Qe3+ Kf5 41. Qd3+ Kg5 42. Qd2+ Rf4 43. g3 1-0

[Event "74.Camp. Veneto Quarti di Finale"]
[Site "Correzzola (PD)"]
[Date "2014.05.10"]
[Round "3.13"]
[White "Rostolis, Riccardo"]
[Black "Penzo, Amleto"]
[Result "1-0"]
[WhiteElo "1872"]
[BlackElo "1774"]
[Annotator "Gabriele Ballarin"]
[PlyCount "77"]
[EventDate "2014.05.09"]
[EventType "swiss"]
[EventRounds "5"]
[EventCountry "ITA"]

1. e4 c5 2. Nf3 a6 3. Nc3 e6 4. d4 cxd4 5. Nxd4 Qc7 6. Bd3 Nf6 7. Be3 Bb4 8. Nde2 Nc6 9. O-O Ng4 10. Bf4 Bd6 11. Bxd6 Qxd6 12. Ng3 Nge5 13. f4 Nxd3 14. cxd3 b5 15. Kh1 Bb7 16. e5 Qe7 17. Nce4 O-O-O 18. Nd6+ Kb8 19. Nge4 f6 20. Nxb7 Kxb7 21. Nd6+ Kc7 22. d4 Rb8 23. Rc1 Kd8 24. d5 exd5 25. Qxd5 Rf8 26. Rfd1 fxe5 27. fxe5 Rb6 28. Qc5 Kc7 29. Nxb5+ Kb7 30. Nd6+ Kc7 31. e6 dxe6 32. Qe5 Rb4 33. Nc8+ Kxc8 34. Rxc6+ Kb7 35. Rdc1 Rf1+ 36. Rxf1 Kxc6 37. Rc1+ Kb7 38. Qc3 Rb6 39. Qc8+ 1-0

[Event "74.Camp. Veneto Quarti di Finale"]
[Site "Correzzola (PD)"]
[Date "2014.05.10"]
[Round "3.14"]
[White "Desideri, Alessandro"]
[Black "Tencheni, Maurizio"]
[Result "1-0"]
[WhiteElo "1821"]
[BlackElo "1700"]
[Annotator "Gabriele Ballarin"]
[PlyCount "65"]
[EventDate "2014.05.09"]
[EventType "swiss"]
[EventRounds "5"]
[EventCountry "ITA"]

1. e4 b6 2. d3 Bb7 3. Nf3 e6 4. Nbd2 c5 5. g3 Nc6 6. Bg2 d6 7. O-O Qc7 8. a4 Nf6 9. Re1 Be7 10. Nf1 a6 11. c3 O-O 12. h4 Rfe8 13. N1h2 Rad8 14. Qe2 e5 15. Bg5 Bc8 16. Nd2 h6 17. Bxf6 Bxf6 18. Ng4 Be7 19. Ne3 Be6 20. Nd5 Qb7 21. Nc4 Bxd5 22. exd5 Na5 23. Ne3 Rb8 24. Ra3 b5 25. b4 cxb4 26. cxb4 Nb3 27. Rxb3 bxa4 28. Ra3 Qxb4 29. Rea1 Ra8 30. Rxa4 Qb5 31. Ra5 Qb7 32. Qa2 Rec8 33. Nc4 1-0

[Event "74.Camp. Veneto Quarti di Finale"]
[Site "Correzzola (PD)"]
[Date "2014.05.10"]
[Round "3.15"]
[White "Zanirato, Stefano"]
[Black "Aprile, Massimo"]
[Result "1-0"]
[WhiteElo "1916"]
[BlackElo "1618"]
[Annotator "Gabriele Ballarin"]
[PlyCount "49"]
[EventDate "2014.05.09"]
[EventType "swiss"]
[EventRounds "5"]
[EventCountry "ITA"]

1. e4 c5 2. Nf3 d6 3. Bb5+ Bd7 4. Bxd7+ Qxd7 5. O-O Nf6 6. d3 g6 7. c4 Bg7 8. Nc3 Nc6 9. h3 a6 10. Be3 b6 11. Qd2 O-O 12. Bh6 Rab8 13. Bxg7 Kxg7 14. Nd5 Nxd5 15. exd5 Nd8 16. Rfe1 e5 17. dxe6 Nxe6 18. d4 Qb7 19. d5 Nc7 20. Qc3+ Kg8 21. Qf6 Ne8 22. Qh4 Kg7 23. Re7 Qa8 24. Ng5 Nf6 25. Ne6+ 1-0

[Event "74.Camp. Veneto Quarti di Finale"]
[Site "Correzzola (PD)"]
[Date "2014.05.10"]
[Round "3.16"]
[White "Belloni, Umberto"]
[Black "Mancin, Michele"]
[Result "0-1"]
[WhiteElo "1757"]
[BlackElo "1781"]
[Annotator "Gabriele Ballarin"]
[PlyCount "142"]
[EventDate "2014.05.09"]
[EventType "swiss"]
[EventRounds "5"]
[EventCountry "ITA"]

1. d4 Nf6 2. c3 e6 3. Bg5 Be7 4. Nd2 d5 5. Bxf6 Bxf6 6. f4 b6 7. e3 c5 8. Bd3 O-O 9. Ngf3 Be7 10. h4 f6 11. Qc2 f5 12. b3 Ba6 13. Bxa6 Nxa6 14. Qd3 Nc7 15. h5 Ne8 16. g3 Nf6 17. Ne5 Qe8 $11 18. h6 g6 19. Qe2 Bd6 20. Kf2 Bxe5 21. dxe5 Ng4+ 22. Kg2 Qc6 23. Qf3 Qc7 24. Rac1 Rad8 25. Qe2 Qb7 26. Nf3 d4 27. cxd4 cxd4 28. exd4 Rxd4 29. Kh3 Re4 30. Qd2 Re3 31. Ng5 Qe7 32. Rhd1 Rd3 33. Qe2 Re3 34. Qc2 Qb7 35. Rd2 Nxh6 36. Qc6 Qxc6 37. Rxc6 Ng4 38. Nxe6 Re8 39. Kg2 Re1 40. Nd4 Rd8 41. Rd6 Rc8 42. Nc6 Kg7 43. e6 Nf6 44. Kf2 Rc1 45. Rd7+ Kf8 46. Nxa7 Ne4+ 47. Ke3 R8c3+ 48. R7d3 Nxd2 49. Kxd2 R3c2+ 50. Ke3 Re1+ 51. Kd4 Rxe6 52. Nb5 Re4+ 53. Kd5 Rc5+ 54. Kd6 Rxb5 55. Kc6 Rbb4 56. a3 Rbd4 57. Rc3 Re6+ 58. Kb5 Rd5+ 59. Kb4 Re4+ 60. Rc4 Kg7 61. Kc3 Kf6 62. Rc6+ Re6 63. Rc7 Rc5+ 64. Rxc5 bxc5 65. Kc4 Re3 66. a4 Ke6 67. a5 Kd6 68. a6 Kc7 69. Kxc5 Rxb3 70. Kd5 Kb8 71. Ke6 Rxg3 0-1

[Event "74.Camp. Veneto Quarti di Finale"]
[Site "Correzzola (PD)"]
[Date "2014.05.10"]
[Round "3.17"]
[White "Desideri, Leonardo"]
[Black "Ronzani, Andrea"]
[Result "1-0"]
[WhiteElo "1671"]
[BlackElo "1537"]
[Annotator "Gabriele Ballarin"]
[PlyCount "77"]
[EventDate "2014.05.09"]
[EventType "swiss"]
[EventRounds "5"]
[EventCountry "ITA"]

1. e4 c5 2. Nf3 d6 3. d3 Nf6 4. g3 g6 5. Bg2 Bg7 6. O-O O-O 7. Re1 e5 8. Nbd2 Nc6 9. c3 b5 10. Nf1 Bd7 11. h4 Qc8 12. Bg5 h6 13. Bxf6 Bxf6 14. Ne3 Ne7 15. Rc1 Be6 16. a3 a5 17. d4 Rd8 18. Qe2 Qb7 19. d5 Bd7 20. g4 Bg7 21. Kh2 f5 22. gxf5 gxf5 23. Nxf5 Nxf5 24. exf5 Bxf5 25. Nd2 Rab8 26. Ne4 Qf7 27. Rg1 Bxe4 28. Bxe4 Qf4+ 29. Kh3 Rf8 30. Rcf1 Rb7 31. Rg4 Qf7 32. Rg6 Qd7+ 33. Kh2 Kh8 34. Qh5 Rf7 35. f3 Qe7 36. Rfg1 Qd7 37. Rxh6+ Bxh6 38. Qxh6+ Rh7 39. Qf8# 1-0

[Event "74.Camp. Veneto Quarti di Finale"]
[Site "Correzzola (PD)"]
[Date "2014.05.10"]
[Round "3.18"]
[White "Barbetta, Cosimo"]
[Black "Scarsella, Federico Armando"]
[Result "0-1"]
[WhiteElo "1614"]
[BlackElo "1718"]
[Annotator "Gabriele Ballarin"]
[PlyCount "98"]
[EventDate "2014.05.09"]
[EventType "swiss"]
[EventRounds "5"]
[EventCountry "ITA"]

1. e4 e6 2. Nf3 d5 3. exd5 exd5 4. d4 Bg4 5. Qd3 Nc6 6. c3 Bd6 7. Be2 Qd7 8. O-O Nf6 9. Qd1 O-O-O 10. Nbd2 Ne4 11. Qa4 g5 12. Bb5 a6 13. Bxc6 Qxc6 14. Qxc6 bxc6 15. h3 Bf5 16. Nxe4 dxe4 17. Nxg5 Rdf8 18. g4 Bg6 19. h4 h5 20. f4 hxg4 21. f5 Bh5 22. Nxe4 f6 23. Nxd6+ cxd6 24. Bf4 Kd7 25. Rae1 Bf7 26. Bg3 Bxa2 27. Rf4 Rhg8 28. Kh2 Bc4 29. Ra1 Rb8 30. b4 Rh8 31. Rc1 Rh5 32. Re1 Bd3 33. Ra1 Rxf5 34. Rxf5 Bxf5 35. Rxa6 Rg8 36. d5 cxd5 37. Rxd6+ Ke7 38. Rxd5 Be4 39. Rd4 f5 40. c4 Ra8 41. Rd2 Ra1 42. Bf4 Rh1+ 43. Kg3 Rh3+ 44. Kf2 Rf3+ 45. Ke2 Rxf4 46. Rd4 g3 47. Rxe4+ Rxe4+ 48. Kf3 Rxh4 49. Kxg3 Rxc4 0-1

[Event "74.Camp. Veneto Quarti di Finale"]
[Site "Correzzola (PD)"]
[Date "2014.05.10"]
[Round "3.19"]
[White "Di Girolamo, Enrico"]
[Black "Marchetti, Daniele"]
[Result "0-1"]
[WhiteElo "1697"]
[BlackElo "1668"]
[Annotator "Gabriele Ballarin"]
[PlyCount "104"]
[EventDate "2014.05.09"]
[EventType "swiss"]
[EventRounds "5"]
[EventCountry "ITA"]

1. e4 c5 2. Nf3 d6 3. d4 cxd4 4. Nxd4 Nf6 5. Nc3 a6 6. Be2 e6 7. Bg5 Be7 8. f4 Qc7 9. O-O O-O 10. Bd3 Nc6 11. Nb3 b5 12. a3 Bb7 13. Qe2 Ne8 14. Bxe7 Qxe7 15. Qf2 Nf6 16. Qh4 h6 17. Rae1 Qc7 18. f5 Ne5 19. Kh1 Nc4 20. Nd1 Qb6 21. Rf3 Rac8 22. Ref1 Ne5 23. Rg3 Kh8 24. Qh3 Nxd3 25. cxd3 e5 26. Ne3 Qd8 27. Ng4 Nxg4 28. Qxg4 Rg8 29. Qh5 f6 30. Rg6 Rc7 31. Qe2 d5 32. Rc1 dxe4 33. dxe4 Rxc1+ 34. Nxc1 Bxe4 35. h3 Bxf5 36. Rg3 Qd5 37. Kh2 e4 38. Qh5 Qe6 39. Ne2 Qd7 40. Nf4 Bh7 41. Rc3 Qf5 42. Qxf5 Bxf5 43. Nd5 Rd8 44. Nc7 Rd2 45. Rb3 Rd3 46. Rb4 e3 47. Kg1 e2 48. Kf2 Rd2 49. Ke1 Rc2 50. Nxa6 Bd3 51. Kf2 Rc1 52. Re4 Rf1+ 0-1

[Event "74.Camp. Veneto Quarti di Finale"]
[Site "Correzzola (PD)"]
[Date "2014.05.10"]
[Round "3.20"]
[White "Gebbin, Andrea"]
[Black "Benetti, Lorenzo"]
[Result "0-1"]
[WhiteElo "1482"]
[BlackElo "1821"]
[Annotator "Gabriele Ballarin"]
[PlyCount "68"]
[EventDate "2014.05.09"]
[EventType "swiss"]
[EventRounds "5"]
[EventCountry "ITA"]

1. c4 f5 2. g3 Nf6 3. Bg2 d6 4. Nc3 c6 5. d4 g6 6. Nf3 Bg7 7. O-O O-O 8. Rb1 Qc7 9. Bf4 Nh5 10. Bc1 e5 11. dxe5 dxe5 12. h3 Be6 13. Nd2 Rd8 14. Qc2 e4 15. e3 Nd7 16. b3 Nc5 17. Bb2 Nd3 18. Nd1 Nxb2 19. Nxb2 Qa5 20. Rfd1 Qxa2 21. Qc1 Qa5 22. Ra1 Qe5 23. Ra2 b5 24. Bf1 a6 25. Kh2 g5 26. Be2 Bf7 27. Nf1 Bf6 28. Rxd8+ Rxd8 29. Nd1 bxc4 30. bxc4 a5 31. Rb2 Rxd1 32. Bxd1 Qxb2 33. Qxb2 Bxb2 34. Nd2 Nf6 0-1

[Event "74.Camp. Veneto Quarti di Finale"]
[Site "Correzzola (PD)"]
[Date "2014.05.11"]
[Round "4.1"]
[White "Boraso, Alessio"]
[Black "Bonafede, Alessandro"]
[Result "1-0"]
[WhiteElo "2159"]
[BlackElo "2375"]
[Annotator "Gabriele Ballarin"]
[PlyCount "113"]
[EventDate "2014.05.09"]
[EventType "swiss"]
[EventRounds "5"]
[EventCountry "ITA"]

1. e4 c6 2. d4 g6 3. Nc3 d5 4. Be2 Bg7 5. Be3 dxe4 6. Nxe4 Nh6 7. c3 Nf5 8. Bf4 O-O 9. Nf3 Nd7 10. Qd2 Nb6 11. h3 Nd5 12. Bh2 Bh6 13. Qd1 Nf4 14. O-O Nxe2+ 15. Qxe2 Nd6 16. Nxd6 exd6 17. Rfe1 Be6 18. c4 Re8 19. Qd3 Bf8 20. Rad1 Qb6 21. Qc3 a5 22. Ng5 Bf5 23. g4 Rxe1+ 24. Rxe1 Qd8 25. Nxf7 Kxf7 26. gxf5 Qg5+ 27. Bg3 Qxf5 28. Qb3 Qd7 29. Bxd6 a4 30. Qf3+ Qf5 31. Qxf5+ gxf5 32. Bxf8 Rxf8 33. Re5 Kf6 34. Ra5 Rd8 35. d5 cxd5 36. cxd5 Ke5 37. d6+ Kxd6 38. Rxa4 Ke5 39. Rb4 Rd7 40. Kg2 Rc7 41. Kf3 Rd7 42. Ke3 h5 43. f4+ Ke6 44. Rb6+ Kd5 45. Rf6 Kc4 46. b3+ Kc3 47. Rxf5 Rd3+ 48. Ke4 Rxh3 49. Rb5 Rh2 50. a4 Re2+ 51. Kf5 Re7 52. Kg5 Rf7 53. f5 Rh7 54. Kg6 Rh8 55. Kg7 Rd8 56. f6 h4 57. f7 1-0

[Event "74.Camp. Veneto Quarti di Finale"]
[Site "Correzzola (PD)"]
[Date "2014.05.11"]
[Round "4.2"]
[White "Valsecchi, Alessio"]
[Black "Zamengo, Fulvio"]
[Result "1-0"]
[WhiteElo "2404"]
[BlackElo "2158"]
[Annotator "Gabriele Ballarin"]
[PlyCount "69"]
[EventDate "2014.05.09"]
[EventType "swiss"]
[EventRounds "5"]
[EventCountry "ITA"]

1. Nf3 c5 2. c4 Nf6 3. Nc3 e6 4. g3 b6 5. Bg2 Bb7 6. O-O Be7 7. Re1 O-O 8. e4 d6 9. d4 cxd4 10. Nxd4 Ne8 11. Be3 Nd7 12. Rc1 Rc8 13. b3 Qc7 14. f4 a6 15. f5 e5 16. Nd5 Qd8 17. Nxe7+ Qxe7 18. Ne2 Nef6 19. Nc3 b5 20. cxb5 axb5 21. Nxb5 Rxc1 22. Bxc1 d5 23. Ba3 Qe8 24. Bxf8 Qxf8 25. a4 Qc5+ 26. Kh1 h5 27. Qc1 Qf2 28. Rf1 Qa2 29. Qc7 Ng4 30. Qxd7 Ne3 31. Rg1 Nxg2 32. Qe8+ Kh7 33. Qxf7 Kh8 34. Qxh5+ Kg8 35. Nd6 1-0

[Event "74.Camp. Veneto Quarti di Finale"]
[Site "Correzzola (PD)"]
[Date "2014.05.11"]
[Round "4.3"]
[White "Cacco, Cristian"]
[Black "Zamengo, Bruno"]
[Result "1-0"]
[WhiteElo "2342"]
[BlackElo "1939"]
[Annotator "Gabriele Ballarin"]
[PlyCount "125"]
[EventDate "2014.05.09"]
[EventType "swiss"]
[EventRounds "5"]
[EventCountry "ITA"]

1. Nf3 Nf6 2. c4 g6 3. Nc3 Bg7 4. g3 b6 5. Bg2 O-O 6. Nd4 c6 7. O-O d5 8. cxd5 Nxd5 9. Nxc6 Nxc6 10. Bxd5 Bb7 11. Bg2 Qd7 12. Qa4 Rfd8 13. d3 a6 14. Be3 b5 15. Qd1 Nd4 16. Bxb7 Qxb7 17. Rc1 Rac8 18. Qd2 Rc6 19. Ne4 Rdc8 20. Bxd4 Bxd4 21. e3 Bg7 22. b4 e5 23. Nc5 Qb8 24. Nb3 Qd6 25. Rxc6 Rxc6 26. Rc1 Rxc1+ 27. Nxc1 Bf8 28. a3 a5 29. Na2 axb4 30. Nxb4 Qe6 31. Qc2 Qb6 32. Qc3 Qa5 33. h3 Qa4 34. Nc2 h6 35. Kf1 Bg7 36. Ke2 Bf6 37. Kd2 Kg7 38. Qb4 Qa6 39. Qc5 Qb7 40. Ke2 g5 41. Nb4 Qg2 42. Qxb5 Qxh3 43. Qd5 Qg4+ 44. Kd2 Qf5 45. Ke1 Qc8 46. Qc6 Qf5 47. a4 e4 48. Nd5 Bd8 49. Qc3+ Kh7 50. dxe4 Qxe4 51. Qd4 Qb1+ 52. Ke2 Qa2+ 53. Kf3 Ba5 54. Qe4+ Kg8 55. Qe8+ Kg7 56. Qe5+ Kh7 57. Nf6+ Kg6 58. Ng4 Bd8 59. Qd6+ Qe6 60. Qxe6+ fxe6 61. Ne5+ Kf5 62. Nc6 Bb6 63. g4+ 1-0

[Event "74.Camp. Veneto Quarti di Finale"]
[Site "Correzzola (PD)"]
[Date "2014.05.11"]
[Round "4.4"]
[White "De Bortoli, Peter"]
[Black "Basso, Pier Luigi"]
[Result "0-1"]
[WhiteElo "2183"]
[BlackElo "2316"]
[Annotator "Gabriele Ballarin"]
[PlyCount "30"]
[EventDate "2014.05.09"]
[EventType "swiss"]
[EventRounds "5"]
[EventCountry "ITA"]

1. h3 d5 2. d4 c5 3. dxc5 e6 4. Nd2 Nf6 5. b4 a5 6. c3 $11 b6 7. e3 axb4 8. cxb4 bxc5 9. bxc5 Bxc5 10. Ngf3 Bd7 11. Ne5 Ba4 12. Qf3 Qa5 13. Bd3 Qc3 14. Qg3 Qxa1 15. Qxg7 Rf8 0-1

[Event "74.Camp. Veneto Quarti di Finale"]
[Site "Correzzola (PD)"]
[Date "2014.05.11"]
[Round "4.5"]
[White "Xia, Jie"]
[Black "Rostolis, Riccardo"]
[Result "1-0"]
[WhiteElo "2303"]
[BlackElo "1872"]
[Annotator "Gabriele Ballarin"]
[PlyCount "59"]
[EventDate "2014.05.09"]
[EventType "swiss"]
[EventRounds "5"]
[EventCountry "ITA"]

1. d4 Nf6 2. Bg5 c5 3. Nc3 cxd4 4. Qxd4 Nc6 5. Qh4 e6 6. e4 Be7 7. O-O-O O-O 8. f4 h6 9. Nf3 Nh7 10. Bxe7 Qxe7 11. Qxe7 Nxe7 12. Nb5 f5 13. e5 Nd5 14. g3 b6 15. Nd6 Rb8 16. Kd2 Bb7 17. Nxb7 Rxb7 18. c4 Ne7 19. Nd4 a6 20. Bg2 Rc7 21. b3 Kf7 22. a4 Rd8 23. Ke3 d6 24. exd6 Rxd6 25. Nf3 Rxd1 26. Ne5+ Kf6 27. Rxd1 Nf8 28. Rd8 Neg6 29. Nxg6 Nxg6 30. Rb8 1-0

[Event "74.Camp. Veneto Quarti di Finale"]
[Site "Correzzola (PD)"]
[Date "2014.05.11"]
[Round "4.6"]
[White "Guerra, Alessandro"]
[Black "Desideri, Alessandro"]
[Result "1-0"]
[WhiteElo "2214"]
[BlackElo "1821"]
[Annotator "Gabriele Ballarin"]
[PlyCount "75"]
[EventDate "2014.05.09"]
[EventType "swiss"]
[EventRounds "5"]
[EventCountry "ITA"]

1. d4 f5 2. Bg5 g6 3. h4 Bg7 4. h5 d5 5. hxg6 hxg6 6. Rxh8 Bxh8 7. Nf3 Nc6 8. e3 Be6 9. Nc3 Nf6 10. Bb5 Nd7 11. Ke2 Kf7 12. Qh1 Qg8 13. Qh2 Rc8 14. Rh1 Bf6 15. Qf4 a6 16. Ba4 Ncb8 17. Bb3 Ke8 18. Rh6 Nf8 19. Ne5 c6 20. Qg3 Bxe5 21. Qxe5 Nbd7 22. Qh2 Nf6 23. Bxf6 exf6 24. Na4 Qg7 25. Nb6 Rc7 26. c4 f4 27. Qxf4 g5 28. Qxf6 Qxf6 29. Rxf6 Ke7 30. Rh6 dxc4 31. Bxc4 Bxc4+ 32. Nxc4 c5 33. d5 Kd8 34. Rh8 Rf7 35. Rg8 b5 36. Ne5 Rf5 37. Ng6 Ke8 38. d6 1-0

[Event "74.Camp. Veneto Quarti di Finale"]
[Site "Correzzola (PD)"]
[Date "2014.05.11"]
[Round "4.7"]
[White "Litrico, Paolo"]
[Black "Negro, Roberto"]
[Result "0-1"]
[WhiteElo "1979"]
[BlackElo "2155"]
[Annotator "Gabriele Ballarin"]
[PlyCount "68"]
[EventDate "2014.05.09"]
[EventType "swiss"]
[EventRounds "5"]
[EventCountry "ITA"]

1. d4 Nf6 2. Nf3 b6 3. Bf4 Bb7 4. e3 e6 5. Nbd2 Be7 6. Bd3 c5 7. Nc4 d6 8. c3 cxd4 9. exd4 O-O 10. O-O Qc7 11. Qe2 Re8 12. Rfe1 Nbd7 13. Ncd2 Nf8 14. h3 Ng6 15. Bxg6 hxg6 16. Rac1 Qc6 17. c4 Bf8 18. Qd1 Rad8 19. b4 e5 20. b5 Qd7 21. dxe5 dxe5 22. Nxe5 Qf5 23. Bg3 Bb4 24. Rc2 Be4 25. Rxe4 Nxe4 26. Nef3 Nc3 27. Rxc3 Bxc3 28. Qc1 Bxd2 29. Nxd2 Qg5 30. Qa3 Qxd2 31. Qxa7 Qe1+ 32. Kh2 Rd1 33. Bh4 Qg1+ 34. Kg3 Rd3+ 0-1

[Event "74.Camp. Veneto Quarti di Finale"]
[Site "Correzzola (PD)"]
[Date "2014.05.11"]
[Round "4.8"]
[White "Giuriato, Sergio"]
[Black "Rigo, Gianfrancesco"]
[Result "1/2-1/2"]
[WhiteElo "1946"]
[BlackElo "1991"]
[Annotator "Gabriele Ballarin"]
[PlyCount "43"]
[EventDate "2014.05.09"]
[EventType "swiss"]
[EventRounds "5"]
[EventCountry "ITA"]

1. d4 Nf6 2. c4 e6 3. g3 Bb4+ 4. Bd2 Qe7 5. Bg2 Nc6 6. Nf3 Ne4 7. O-O Nxd2 8. Nbxd2 O-O 9. Rc1 d5 10. e3 Qf6 11. Qb3 Bd6 12. c5 Be7 13. Qc3 Bd7 14. Ne5 Nxe5 15. dxe5 Qg6 16. Nf3 Qh5 17. Rc2 c6 18. Re1 f6 19. e4 f5 20. exf5 Rxf5 21. Nd4 Rff8 22. Qe3 $11 1/2-1/2

[Event "74.Camp. Veneto Quarti di Finale"]
[Site "Correzzola (PD)"]
[Date "2014.05.11"]
[Round "4.9"]
[White "Cardarelli, Angelo"]
[Black "Minei, Giovanni"]
[Result "1-0"]
[WhiteElo "2030"]
[BlackElo "1546"]
[Annotator "Gabriele Ballarin"]
[PlyCount "53"]
[EventDate "2014.05.09"]
[EventType "swiss"]
[EventRounds "5"]
[EventCountry "ITA"]

1. Nf3 Nf6 2. c4 c6 3. g3 d5 4. Bg2 e6 5. b3 Nbd7 6. Bb2 Bd6 7. O-O O-O 8. d3 Re8 9. Nc3 e5 10. cxd5 cxd5 11. Nb5 Bb8 12. Rc1 a6 13. Nc3 e4 14. Nd4 Qe7 15. dxe4 dxe4 16. Nf5 Qe5 17. Ne3 Qh5 18. Qc2 Be5 19. Rfd1 Nf8 20. Ncd5 Bxb2 21. Qxb2 Nxd5 22. Nxd5 Rb8 23. Nc7 Re7 24. Rd8 Qa5 25. Ne8 Rxe8 26. Rxe8 Qf5 27. Qa3 1-0

[Event "74.Camp. Veneto Quarti di Finale"]
[Site "Correzzola (PD)"]
[Date "2014.05.11"]
[Round "4.11"]
[White "Desideri, Leonardo"]
[Black "Zanirato, Stefano"]
[Result "1-0"]
[WhiteElo "1671"]
[BlackElo "1916"]
[Annotator "Gabriele Ballarin"]
[PlyCount "33"]
[EventDate "2014.05.09"]
[EventType "swiss"]
[EventRounds "5"]
[EventCountry "ITA"]

1. e4 Nc6 2. Nf3 a6 3. d3 d5 4. Nbd2 Bg4 5. exd5 Qxd5 6. h3 Qh5 7. hxg4 Qxh1 8. Ne4 Ne5 9. Nxe5 f6 10. Ng3 Qh4 11. Nf5 Qh1 12. Nf3 g5 13. Qe2 O-O-O 14. Qe6+ Kb8 15. Be3 Rd6 16. Nxd6 cxd6 17. Qd7 1-0

[Event "74.Camp. Veneto Quarti di Finale"]
[Site "Correzzola (PD)"]
[Date "2014.05.11"]
[Round "4.12"]
[White "Mancin, Michele"]
[Black "Bergamasco, Tommaso"]
[Result "1/2-1/2"]
[WhiteElo "1762"]
[BlackElo "1777"]
[Annotator "Gabriele Ballarin"]
[PlyCount "68"]
[EventDate "2014.05.09"]
[EventType "swiss"]
[EventRounds "5"]
[EventCountry "ITA"]

1. Nf3 Nf6 2. c4 e6 3. g3 d5 4. Bg2 dxc4 5. Qa4+ Nbd7 6. Qxc4 Nb6 7. Qb3 c6 8. O-O Bd6 9. Nc3 O-O 10. d4 Nbd7 11. Rd1 Qe7 12. Bg5 h6 13. Bxf6 Nxf6 14. Rac1 Nd7 15. e4 e5 16. Nh4 Qf6 17. dxe5 Nxe5 18. Ne2 Bc7 19. Nd4 g6 20. f4 Nd7 21. e5 Qg7 22. e6 Nf6 23. exf7+ Qxf7 24. Qxf7+ Kxf7 25. h3 Bb6 26. Kh2 Bxd4 27. Rxd4 Be6 28. a3 Rad8 29. Rcd1 Rxd4 30. Rxd4 Bd5 31. Nf3 Bxf3 32. Bxf3 Re8 33. Kg2 Re7 34. Kf2 Rc7 1/2-1/2

[Event "74.Camp. Veneto Quarti di Finale"]
[Site "Correzzola (PD)"]
[Date "2014.05.11"]
[Round "4.13"]
[White "Lodici, Lorenzo"]
[Black "De Marchi, Alessandro"]
[Result "1-0"]
[WhiteElo "2134"]
[BlackElo "1713"]
[Annotator "Gabriele Ballarin"]
[PlyCount "26"]
[EventDate "2014.05.09"]
[EventType "swiss"]
[EventRounds "5"]
[EventCountry "ITA"]

1. d4 Nf6 2. c4 c5 3. d5 e6 4. Nc3 d6 5. e4 Be7 6. Nge2 O-O 7. Ng3 a6 8. a4 exd5 9. exd5 Re8 10. Be2 Bf8 11. O-O g6 12. Bg5 h6 13. Be3 h5 {nur} 1-0

[Event "74.Camp. Veneto Quarti di Finale"]
[Site "Correzzola (PD)"]
[Date "2014.05.11"]
[Round "4.14"]
[White "Marangoni, Simone"]
[Black "Tencheni, Maurizio"]
[Result "0-1"]
[WhiteElo "1898"]
[BlackElo "1700"]
[Annotator "Gabriele Ballarin"]
[PlyCount "114"]
[EventDate "2014.05.09"]
[EventType "swiss"]
[EventRounds "5"]
[EventCountry "ITA"]

1. d4 b6 2. Nf3 Bb7 3. g3 e6 4. Bg2 c5 5. O-O Nf6 6. c4 cxd4 7. Qxd4 Bc5 8. Qd1 O-O 9. a3 d5 10. b4 Be7 11. cxd5 Nxd5 12. Bb2 Bf6 13. Ra2 Nd7 14. e4 Bxb2 15. exd5 Bf6 16. dxe6 fxe6 17. Rd2 Bd5 18. Ne1 Bxg2 19. Nxg2 Rf7 20. Nf4 Qe7 21. Qb3 Bg5 22. Rfd1 Nf8 23. Rd4 Bxf4 24. gxf4 Qh4 25. Qg3 Qf6 26. Nc3 Re8 27. Ne4 Qh6 28. Nd6 Rf6 29. Nxe8 Rg6 30. R1d3 Rxg3+ 31. fxg3 Qh5 32. Nc7 Qe2 33. Rd2 Qe3+ 34. Kg2 Qxa3 35. Nb5 Qa4 36. Nc3 Qc6+ 37. Nd5 exd5 38. Rxd5 b5 39. Kf2 Qb6+ 40. Kg2 Qc6 41. Kh3 Qe6+ 42. Kg2 Qe4+ 43. Kh3 Qxb4 44. R2d4 Qb1 45. Rd1 Qb3 46. R1d3 Qa4 47. R3d4 b4 48. Rd8 a5 49. Re4 Qa3 50. Ra8 b3 51. Re3 Qa2 52. Ree8 Qa3 53. Re3 a4 54. f5 Qc5 55. Rae8 Qxf5+ 56. g4 Qf1+ 57. Kh4 b2 0-1

[Event "74.Camp. Veneto Quarti di Finale"]
[Site "Correzzola (PD)"]
[Date "2014.05.10"]
[Round "4.15"]
[White "Quaranta, Gaetano"]
[Black "Marchetti, Daniele"]
[Result "1-0"]
[WhiteElo "1818"]
[BlackElo "1668"]
[Annotator "Gabriele Ballarin"]
[PlyCount "36"]
[EventDate "2014.05.09"]
[EventType "swiss"]
[EventRounds "5"]
[EventCountry "ITA"]

1. e4 c5 2. d4 cxd4 3. c3 dxc3 4. Nxc3 Nc6 5. Nf3 d6 6. Bc4 Nf6 7. e5 dxe5 8. Qxd8+ Nxd8 9. Nb5 Rb8 10. Nxe5 e6 11. Be3 Bb4+ 12. Ke2 O-O 13. a3 Ba5 14. Bxa7 Ra8 15. b4 Nc6 16. Nxc6 bxc6 17. Nd4 Bb7 18. Bc5 Bc7 {nur} 1-0